[Event "IND-ch U11 Girls 30th"]
[Site "India"]
[Date "2016.07.05"]
[Round "10"]
[White "Panda, Miracle"]
[Black "Tina, C."]
[Result "0-1"]
[WhiteElo "1163"]
[BlackElo "1123"]
[PlyCount "134"]
[EventDate "2016.06.28"]
[EventType "swiss"]
[EventRounds "11"]
[EventCountry "IND"]
[SourceTitle "CBM 173 Extra"]
[Source "ChessBase"]
[SourceDate "2016.08.29"]
[SourceVersion "1"]
[SourceVersionDate "2016.08.29"]
[SourceQuality "1"]

1. e4 e5 2. Nf3 Nc6 3. d4 exd4 4. Bc4 d6 5. Nxd4 Nf6 6. Nxc6 bxc6 7. e5 dxe5 8. Bxf7+ Kxf7 9. Qxd8 Bb4+ 10. Qd2 Bxd2+ 11. Nxd2 Bf5 12. Nc4 Rhe8 13. c3 Rad8 14. 0-0 Bd3 15. Ne3 Bxf1 16. Kxf1 Rd7 17. Ke2 Red8 18. Nc4 Ke6 19. Bg5 h6 20. Be3 a6 21. Na5 Rb8 22. b4 Nd5 23. Bd2 Nf4+ 24. Bxf4 exf4 25. Nxc6 Re8 26. Nd4+ Kd5+ 27. Kd3 c5 28. bxc5 Kxc5 29. Rb1 Ra8 30. a4 Kd6 31. Rb6+ Kc7 32. Rc6+ Kb7 33. Rc4 Rc8 34. Rb4+ Kc7 35. a5 Rd5 36. Ra4 Kd7 37. c4 Rh5 38. Nf3 Rcc5 39. Rb4 Rxa5 40. Rb7+ Ke8 41. Rxg7 Ra2 42. Ke4 Rxf2 43. Kxf4 Rc2 44. Rc7 Rxg2 45. c5 Rc2 46. c6 Rhc5 47. Nd4 Rxh2 48. Rc8+ Ke7 49. Rc7+ Kf6 50. Kg3 Rd2 51. Nf3 Rd6 52. Rh7 Kg6 53. Rc7 Kf6 54. Rh7 Rcxc6 55. Rxh6+ Kg7 56. Rh4 Rg6+ 57. Kf4 Rc4+ 58. Ke5 Rxh4 59. Nxh4 Rb6 60. Nf5+ Kg6 61. Nd6 a5 62. Nc4 Rb4 63. Kd4 a4 64. Kc3 Rb8 65. Kc2 Kf5 66. Nd2 a3 67. Nb3 a2 0-1

[Event "IND-ch U11 Girls 30th"]
[Site "India"]
[Date "2016.07.01"]
[Round "6"]
[White "Tina, C."]
[Black "Vishwa, Vasnawala"]
[Result "1-0"]
[WhiteElo "1123"]
[BlackElo "1258"]
[PlyCount "125"]
[EventDate "2016.06.28"]
[EventType "swiss"]
[EventRounds "11"]
[EventCountry "IND"]
[SourceTitle "CBM 173 Extra"]
[Source "ChessBase"]
[SourceDate "2016.08.29"]
[SourceVersion "1"]
[SourceVersionDate "2016.08.29"]
[SourceQuality "1"]

1. e4 e5 2. Nf3 Nc6 3. Bc4 Nf6 4. c3 Be7 5. d3 0-0 6. 0-0 d6 7. h3 Be6 8. Bb3 b5 9. Re1 b4 10. d4 Bxb3 11. axb3 bxc3 12. bxc3 Re8 13. d5 Nb8 14. Nbd2 Nbd7 15. Nf1 Nb6 16. Ng3 h6 17. Nf5 Qd7 18. N3h4 Kh7 19. Qd2 Rh8 20. Nxe7 Qxe7 21. Nf5 Qd8 22. Qd1 Qd7 23. Qf3 Qd8 24. Qg3 Qf8 25. Qh4 Nbd7 26. g4 Kg8 27. Kg2 a6 28. f3 a5 29. Rh1 Rb8 30. Rxa5 Rxb3 31. Ra3 Rxa3 32. Bxa3 g5 33. Qg3 Nb6 34. h4 Nh7 35. hxg5 Nxg5 36. Qh4 f6 37. Nxh6+ Rxh6 38. Qxh6 Qxh6 39. Rxh6 Kg7 40. Rh1 Na4 41. Rb1 Nxc3 42. Rb7 Ne2 43. Rxc7+ Kg8 44. Bxd6 Nd4 45. Be7 Ndxf3 46. d6 Kf7 47. Bd8+ Ke6 48. d7 Nf7 49. Rc6+ Kxd7 50. Rxf6 Kxd8 51. Kxf3 Ng5+ 52. Ke3 Ke7 53. Rf5 Nf7 54. g5 Ke6 55. g6 Nh6 56. Rf1 Ng4+ 57. Ke2 Nh6 58. g7 Ke7 59. Rf8 Ke6 60. Rh8 Kf7 61. Rxh6 Kxg7 62. Re6 Kf7 63. Rxe5 1-0